| 000 | 00705nam a2200205 i 4500 | ||
|---|---|---|---|
| 001 | 141868 | ||
| 003 | ES-MaACL | ||
| 005 | 20250803094658.0 | ||
| 007 | t| | ||
| 008 | 070928s1955 sp ||||1| spa d | ||
| 080 | _a312(464.1)"16/17" | ||
| 100 | 1 |
_aViñas y Mey, Carmelo _9115384 |
|
| 245 | 1 | 0 |
_aNotas sobre la estructura social-demográfica del Madrid de los Austrias / _cCarmelo Viñas y Mey. |
| 260 |
_aMadrid : _b[s.n.], _c1955. |
||
| 300 |
_a18 h. ; _c24 cm. |
||
| 500 | _aSeparata de: "Revista de la Universidad de Madrid". Vol. IV-Nº 16, p. 461-496. | ||
| 651 | 7 |
_aMadrid- _xPoblación- _vHistoria _2 _9168623 |
|
| 852 |
_aES-MaACL _j1993-F-10 _bR.39382 |
||
| 999 |
_c141868 _d141868 |
||